00690cam a2200205 a 4500008004100000010001700041020001500058020001800073040002800091050002500119082001400144100001900158245009000177260004300267300003600310504005100346630003800397650003200435700001700467090731s2010 maua b 001 0 eng  a 2009029537 a0240812441 a9780240812441 aDLCcDLCdYDXdTXAdDLC00aTK6562.D54bC48 201000a006.52221 aChurch, Steve.10aAudio over IP :bbuilding pro AoIP systems with Livewire /cSteve Church, Skip Pizzi. aBurlington, MA :bFocal Press,cc2010. axviii, 259 p. :bill. ;c24 cm. aIncludes bibliographical references and index.00aNetscape LiveWire (Computer file) 0aDigital audio broadcasting.1 aPizzi, Skip.